[Event "FIDE World Blitz 2014"]
[Site "Dubai UAE"]
[Date "2014.06.20"]
[Round "18.36"]
[White "Moiseenko, Alexander"]
[Black "Jobava, Baadur"]
[Result "1/2-1/2"]
[WhiteTitle "GM"]
[BlackTitle "GM"]
[WhiteElo "2707"]
[BlackElo "2713"]
[WhiteFideId "14102560"]
[BlackFideId "13601520"]
[EventDate "2014.06.19"]

1. d4 d6 2. e4 Nf6 3. f3 c5 4. c3 e6 5. Be3 Nc6 6. Bd3 Qb6 7. Qd2 Bd7 8. dxc5
dxc5 9. Na3 Qc7 10. Ne2 Ne5 11. O-O O-O-O 12. Nc4 Nxd3 13. Qxd3 Bb5 14. Nd6+
Bxd6 15. Qxb5 a6 16. Qc4 b5 17. Qb3 c4 18. Qc2 Bxh2+ 19. Kf2 Bd6 20. a4 Bc5 21.
Bd4 e5 22. Bxc5 Qxc5+ 23. Kg3 Kb7 24. axb5 axb5 25. Ra5 Ra8 26. Rfa1 Rxa5 27.
Rxa5 Ra8 28. Rxa8 Kxa8 29. Qd2 h6 30. Qd8+ Kb7 31. Kh2 Qe3 32. Qe7+ Kc6 33. Ng3
Qf4 34. Kh3 Nh7 35. Qe8+ Kd6 36. Nf5+ Kc7 37. Qe7+ Kb6 38. Qd8+ Ka7 39. Qa5+ Kb7
40. Qxb5+ Ka7 41. Qd7+ Kb6 42. Qd6+ Ka7 43. Qc7+ Ka8 44. Qc6+ Ka7 45. Qc5+ Kb8
46. Qb5+ Ka7 47. Qa4+ Kb6 48. Qb4+ Ka7 49. Qc5+ Kb8 50. Qb6+ Ka8 1/2-1/2

[Event "FIDE World Blitz 2014"]
[Site "Dubai UAE"]
[Date "2014.06.20"]
[Round "18.39"]
[White "Bartel, Mateusz"]
[Black "Ganguly, Surya Shekhar"]
[Result "0-1"]
[WhiteTitle "GM"]
[BlackTitle "GM"]
[WhiteElo "2641"]
[BlackElo "2619"]
[WhiteFideId "1112635"]
[BlackFideId "5002150"]
[EventDate "2014.06.19"]

1. d4 Nf6 2. Bg5 d5 3. e3 c6 4. Nd2 Qb6 5. Qc1 Bf5 6. c3 Nbd7 7. f4 e6 8. Be2
Be7 9. Ngf3 h6 10. Bh4 a5 11. h3 a4 12. O-O g5 13. fxg5 hxg5 14. Bxg5 O-O-O 15.
Kf2 Rdg8 16. Bf4 Ne4+ 17. Ke1 f6 18. g4 Bg6 19. Rh1 e5 20. dxe5 fxe5 21. Nxe4
exf4 22. Neg5 fxe3 23. h4 Be4 24. Nxe4 dxe4 25. Nd4 Bxh4+ 26. Kd1 Bf6 27. Rf1
Bxd4 28. cxd4 Qxd4+ 29. Ke1 Ne5 30. Qc3 Nd3+ 31. Kd1 Qd6 32. Kc2 Rh2 33. Rae1
Nxe1+ 34. Rxe1 Rd8 35. Qxe3 Qd3+ 0-1

[Event "FIDE World Blitz 2014"]
[Site "Dubai UAE"]
[Date "2014.06.20"]
[Round "18.40"]
[White "Gundavaa, Bayarsaikhan"]
[Black "Sandipan, Chanda"]
[Result "1-0"]
[WhiteTitle "GM"]
[BlackTitle "GM"]
[WhiteElo "2501"]
[BlackElo "2594"]
[WhiteFideId "4901045"]
[BlackFideId "5004225"]
[EventDate "2014.06.19"]

1. d4 d5 2. c4 c6 3. cxd5 cxd5 4. Bf4 Nf6 5. Nc3 Nc6 6. e3 e6 7. Bd3 Be7 8. h3
O-O 9. Nf3 Ne8 10. O-O Nd6 11. Rc1 Bd7 12. a3 Rc8 13. b4 a6 14. Na4 a5 15. b5
Na7 16. Rxc8 Ndxc8 17. Qb3 b6 18. Rc1 Nd6 19. Nc3 Qe8 20. a4 f6 21. Nxd5 exd5
22. Qxd5+ Qf7 23. Qxf7+ Rxf7 24. Rc7 Bxb5 25. axb5 Naxb5 26. Rc6 Bf8 27. Rxb6 g5
28. Bg3 a4 29. Bxb5 Nxb5 30. Rxb5 Ra7 31. Ne1 a3 32. Nc2 a2 33. d5 a1=Q+ 34.
Nxa1 Rxa1+ 35. Kh2 Rd1 36. e4 Kf7 37. Rb7+ Kg6 38. h4 h5 39. hxg5 Kxg5 40. Rf7
Bc5 41. Rg7+ Kh6 42. Rf7 Kg6 43. Rc7 h4 44. Rxc5 hxg3+ 45. Kxg3 Rd3+ 46. f3 f5
47. Kf4 fxe4 48. Kxe4 1-0

[Event "FIDE World Blitz 2014"]
[Site "Dubai UAE"]
[Date "2014.06.20"]
[Round "18.41"]
[White "Nielsen, Peter Heine"]
[Black "Kovalev, Vladislav"]
[Result "1/2-1/2"]
[WhiteTitle "GM"]
[BlackTitle "GM"]
[WhiteElo "2654"]
[BlackElo "2554"]
[WhiteFideId "1400355"]
[BlackFideId "13504398"]
[EventDate "2014.06.19"]

1. d4 Nf6 2. c4 g6 3. Nc3 Bg7 4. e4 d6 5. f3 O-O 6. Be3 c5 7. Nge2 Nc6 8. d5 Ne5
9. Ng3 e6 10. Be2 exd5 11. cxd5 a6 12. O-O b5 13. a3 Rb8 14. b4 c4 15. Qd2 Bd7
16. Nh1 Ne8 17. Nf2 Rc8 18. Bd4 f5 19. f4 Nf7 20. Bxg7 Nxg7 21. Bf3 Qf6 22. Rae1
Rfe8 23. g3 Re7 24. Re2 Rce8 25. Rfe1 h5 26. Bg2 h4 27. Bf3 hxg3 28. hxg3 Kf8
29. Kg2 g5 30. exf5 Rxe2 31. Rxe2 Rxe2 32. Nxe2 Nxf5 33. Ne4 Qa1 34. fxg5 Qxa3
35. N2c3 Qxb4 36. g6 Ne5 37. Qg5 Qb2+ 38. Be2 Ke8 39. g7 Nxg7 40. Qxg7 Kd8 41.
Qf8+ Be8 42. Qf6+ Kc8 43. Nxd6+ Kd7 44. Qxe5 Bg6 45. Nde4 Bxe4+ 1/2-1/2

[Event "FIDE World Blitz 2014"]
[Site "Dubai UAE"]
[Date "2014.06.20"]
[Round "18.42"]
[White "Moradiabadi, Elshan"]
[Black "Goloshchapov, Alexander"]
[Result "1-0"]
[WhiteTitle "GM"]
[BlackTitle "GM"]
[WhiteElo "2586"]
[BlackElo "2586"]
[WhiteFideId "12501255"]
[BlackFideId "14103222"]
[EventDate "2014.06.19"]

1. d4 d5 2. Nf3 Nf6 3. Bf4 c5 4. e3 Nc6 5. c3 Qb6 6. Qb3 c4 7. Qc2 Bf5 8. Qc1
Nh5 9. Bg5 h6 10. Bh4 g5 11. Bg3 Nxg3 12. hxg3 g4 13. Nh4 Bh7 14. Be2 h5 15. Nd2
e6 16. b3 cxb3 17. axb3 Be7 18. Qb2 O-O 19. f3 Qc7 20. Kf2 f5 21. f4 a6 22. b4
Rfc8 23. Nb3 Kf7 24. Nc5 a5 25. b5 Nd8 26. b6 Qc6 27. Bb5 Qxb6 28. Be8+ Kxe8 29.
Qxb6 Kf7 30. Rxa5 Rc6 31. Qxc6 Rxa5 32. Qd7 1-0

[Event "FIDE World Blitz 2014"]
[Site "Dubai UAE"]
[Date "2014.06.20"]
[Round "18.44"]
[White "Debashis, Das"]
[Black "Aleksandrov, Aleksej"]
[Result "1/2-1/2"]
[WhiteTitle "GM"]
[BlackTitle "GM"]
[WhiteElo "2484"]
[BlackElo "2554"]
[WhiteFideId "5024854"]
[BlackFideId "13500139"]
[EventDate "2014.06.19"]

1. d4 Nf6 2. c4 e6 3. Nf3 d5 4. Nc3 Bb4 5. cxd5 exd5 6. Bg5 h6 7. Bxf6 Qxf6 8.
Qb3 c5 9. e3 O-O 10. dxc5 Bxc3+ 11. Qxc3 Qxc3+ 12. bxc3 Be6 13. Rb1 Nd7 14. Rxb7
Nxc5 15. Rb5 Rfc8 16. Nd4 Ne4 17. Be2 Rxc3 18. O-O Ra3 19. Ra1 Rc8 20. f3 Nc3
21. Rb3 Rxa2 22. Rxa2 Nxa2 23. Ra3 Nc3 24. Rxa7 Nxe2+ 25. Nxe2 Rc2 26. Nd4 Rb2
27. Ra8+ Kh7 28. Nxe6 fxe6 29. Ra6 e5 30. Rd6 Rd2 31. Re6 e4 32. fxe4 dxe4 33.
Rxe4 Kg6 34. Rf4 Re2 35. Rf3 Kg5 36. h3 h5 37. Kh2 h4 38. Kg1 g6 39. Kf1 Ra2 40.
Rf4 Ra1+ 41. Kf2 Ra2+ 42. Kf3 Ra3 43. Rg4+ Kh5 44. Rb4 Kg5 45. Rb5+ Kf6 46. Kf4
Ra2 47. Kf3 Rc2 48. Rb4 g5 49. Rb6+ Kf5 50. e4+ Ke5 51. Rb5+ Kf6 52. Rd5 Rc3+
53. Kf2 Rc2+ 54. Kf3 Rc3+ 55. Ke2 Rg3 56. Rf5+ Kg6 57. Kf2 Ra3 58. Rf3 Ra2+ 59.
Kf1 Ra1+ 60. Kf2 Ra2+ 1/2-1/2

[Event "FIDE World Blitz 2014"]
[Site "Dubai UAE"]
[Date "2014.06.20"]
[Round "18.45"]
[White "Tkachiev, Vladislav"]
[Black "Faisal, Abdulla"]
[Result "1-0"]
[WhiteTitle "GM"]
[BlackTitle "CM"]
[WhiteElo "2625"]
[BlackElo "2270"]
[WhiteFideId "618438"]
[BlackFideId "9301232"]
[EventDate "2014.06.19"]

1. d4 Nf6 2. c4 e6 3. Nf3 b6 4. a3 Bb7 5. Nc3 d5 6. Bg5 Be7 7. e3 Nbd7 8. Qc2 h6
9. Bh4 O-O 10. cxd5 exd5 11. Bd3 c5 12. O-O Re8 13. Rad1 Ne4 14. Bg3 Nxg3 15.
hxg3 Nf6 16. dxc5 bxc5 17. Bc4 Bf8 18. Qb3 dxc4 19. Qxb7 Qa5 20. Qc6 Rab8 21.
Qa4 Qc7 22. Rb1 Ne4 23. Qxc4 Nxc3 24. Qxc3 g6 25. Rfc1 Qd8 26. b3 Rc8 27. Rd1
Qb6 28. Rd7 Bg7 29. Qc4 Rf8 30. Rbd1 Rcd8 31. Rxd8 Rxd8 32. Rxd8+ Qxd8 33. Qxc5
Qd1+ 34. Kh2 Qxb3 35. Qxa7 Qd5 36. a4 Qa2 37. e4 g5 38. a5 g4 39. Nh4 Bf6 40.
Nf5 Qe6 41. Qb7 h5 42. a6 h4 43. a7 hxg3+ 44. Nxg3 Be5 45. a8=Q+ Kg7 46. Qb1
Qh6+ 47. Kg1 Qf4 48. Nh5+ 1-0

[Event "FIDE World Blitz 2014"]
[Site "Dubai UAE"]
[Date "2014.06.20"]
[Round "18.47"]
[White "Vakhidov, Jahongir"]
[Black "Adly, Ahmed"]
[Result "0-1"]
[WhiteTitle "IM"]
[BlackTitle "GM"]
[WhiteElo "2471"]
[BlackElo "2594"]
[WhiteFideId "14201801"]
[BlackFideId "10601619"]
[EventDate "2014.06.19"]

1. d4 Nf6 2. c4 e6 3. Nc3 d5 4. cxd5 Nxd5 5. e4 Nxc3 6. bxc3 c5 7. Nf3 cxd4 8.
cxd4 Bb4+ 9. Bd2 Bxd2+ 10. Qxd2 O-O 11. Bb5 b6 12. O-O Bb7 13. Qe3 Nd7 14. Rad1
Nf6 15. Bd3 Rc8 16. h3 Qe7 17. Bb1 Rc7 18. Qf4 Rd8 19. Rc1 Rdc8 20. Rxc7 Qxc7
21. e5 Bxf3 22. Qxf3 Nd5 23. h4 Qc3 24. Qe4 g6 25. h5 Qd2 26. hxg6 hxg6 27. Qg4
Rc1 28. Bxg6 Rxf1+ 29. Kxf1 Qc1+ 30. Ke2 Nf4+ 31. Kf3 Nxg6 32. Qe4 Qc3+ 33. Kg4
Qd2 34. f4 Qd1+ 35. Kg5 Kg7 36. g3 Qd2 37. a4 Qh2 38. Kg4 Ne7 39. d5 Nf5 40. Qd3
Kg6 0-1

[Event "FIDE World Blitz 2014"]
[Site "Dubai UAE"]
[Date "2014.06.20"]
[Round "18.48"]
[White "Al-Sayed, Mohammed"]
[Black "Al-Hajiri, Bader"]
[Result "1-0"]
[WhiteTitle "GM"]
[WhiteElo "2505"]
[BlackElo "2095"]
[WhiteFideId "12100196"]
[BlackFideId "10300163"]
[EventDate "2014.06.19"]

1. d4 d5 2. c3 Nf6 3. Nf3 Bf5 4. Bf4 c6 5. e3 e6 6. Qb3 Qb6 7. Nbd2 Nbd7 8. h3
h6 9. Be2 Be7 10. c4 dxc4 11. Nxc4 Qb4+ 12. Qxb4 Bxb4+ 13. Kf1 Ne4 14. g4 Bh7
15. a3 Be7 16. Na5 Bd6 17. Bxd6 Nxd6 18. b4 Be4 19. Rg1 b6 20. Nb3 Bd5 21. Nfd2
Ke7 22. f3 f5 23. gxf5 Nxf5 24. e4 Bxb3 25. Nxb3 Nd6 26. Rxg7+ Nf7 27. Rc1 Kf6
28. Rg1 Rac8 29. Kf2 Ng5 30. Rg3 e5 31. Rd1 Ne6 32. Bc4 Nf4 33. Ke3 h5 34. dxe5+
Nxe5 35. Kxf4 Nxc4 36. Rg5 Rcd8 37. Rf5+ Kg6 38. Rg1+ Kh6 39. Rgg5 Rhf8 40.
Rxh5+ Kg6 41. Rg5+ Kh6 42. a4 Rxf5+ 43. Rxf5 Rd3 44. Rf6+ Kg7 45. Rxc6 Nb2 46.
Nc1 Ra3 47. Rc2 Nxa4 48. Rc7+ Kf6 49. Rxa7 b5 50. Ra6+ Kf7 51. Ne2 Ra2 52. Ng3
Rb2 53. Kf5 Rxb4 54. Ra7+ Ke8 55. Nh5 Rc4 56. Nf6+ Kd8 57. h4 Nc5 58. h5 Rc1 59.
h6 Rh1 60. h7 b4 61. Ra8+ Kc7 62. h8=Q Rxh8 63. Rxh8 b3 64. Rh2 Nd3 65. Nd5+ Kd6
66. Ne3 Kc5 67. Nd1 Kd4 68. f4 Ne1 69. e5 Nf3 70. Rb2 Kc4 71. Ke4 Nh4 72. e6 1-0

[Event "FIDE World Blitz 2014"]
[Site "Dubai UAE"]
[Date "2014.06.20"]
[Round "18.49"]
[White "Nezad, Husein Aziz"]
[Black "Glek, Igor"]
[Result "0-1"]
[WhiteTitle "IM"]
[BlackTitle "GM"]
[WhiteElo "2365"]
[BlackElo "2438"]
[WhiteFideId "12100293"]
[BlackFideId "4100484"]
[EventDate "2014.06.19"]

1. e4 c5 2. Nf3 a6 3. c3 e6 4. d4 d5 5. exd5 exd5 6. Be2 Nf6 7. O-O h6 8. Re1
Be6 9. Be3 c4 10. Ne5 Nbd7 11. Nd2 Bd6 12. f4 O-O 13. Bf3 Qc8 14. Bf2 Re8 15.
Bh4 Be7 16. Re3 Nxe5 17. fxe5 Ng4 18. Bxg4 Bxg4 19. Qe1 Bf5 20. Bxe7 Rxe7 21.
Qh4 Qe6 22. Rf1 Bd3 23. Rff3 Rae8 24. Rg3 Kh8 25. Nf3 Qf5 26. Rg4 Re6 27. Rf4
Qh7 28. Nd2 g5 29. Qg3 gxf4 30. Qxf4 Rg8 31. Rh3 Rgg6 32. Nf3 Be4 33. Nh4 Rg5
34. b3 cxb3 35. axb3 Qg7 36. g3 Rg4 37. Qe3 Qg5 38. Qe1 Kg8 39. c4 dxc4 40. Qxe4
Rxe4 0-1

[Event "FIDE World Blitz 2014"]
[Site "Dubai UAE"]
[Date "2014.06.20"]
[Round "18.50"]
[White "Kayumov, Sergey"]
[Black "Salgado Lopez, Ivan"]
[Result "1-0"]
[WhiteTitle "GM"]
[BlackTitle "GM"]
[WhiteElo "2505"]
[BlackElo "2622"]
[WhiteFideId "14200880"]
[BlackFideId "2257327"]
[EventDate "2014.06.19"]

1. d4 d5 2. Nf3 Nf6 3. Bf4 e6 4. e3 Bd6 5. Ne5 O-O 6. Bd3 c5 7. c3 Nc6 8. Bg3
Qc7 9. f4 b6 10. Nd2 Bb7 11. O-O Ne7 12. Bh4 Ne4 13. Bxe7 Qxe7 14. Nxe4 dxe4 15.
Be2 Rac8 16. Qa4 a6 17. Qb3 Bc7 18. a4 Rb8 19. f5 Bxe5 20. dxe5 Bd5 21. c4 Bc6
22. f6 Qc7 23. fxg7 Kxg7 24. Qc3 Rg8 25. Bh5 Rbf8 26. Rf6 Kh8 27. Raf1 Be8 28.
h4 Rg7 29. b3 Rfg8 30. R1f2 Rg3 31. Kh2 R3g7 32. g4 Qe7 33. Qd2 b5 34. axb5 axb5
35. Qd6 Qa7 36. cxb5 Qa3 37. g5 Qxb3 38. Qxc5 Bxb5 39. Rxf7 Qb1 40. Rxg7 Rxg7
41. Qf8+ Rg8 42. Qf6+ Rg7 43. Qd8+ Rg8 44. Qf6+ Rg7 45. Qxe6 Qb4 46. Qf6 Bc4 47.
e6 Qd6+ 48. Rf4 Qd2+ 49. Rf2 Qd6+ 50. Kh3 Bxe6+ 51. Bg4 Bxg4+ 52. Kxg4 Qd7+ 53.
Rf5 Qd1+ 54. Kf4 Qf1+ 55. Kxe4 Qc4+ 56. Kf3 Qf1+ 57. Ke4 Qc4+ 58. Ke5 Qc3+ 59.
Kf4 Qc4+ 60. Kg3 Qd3 61. Qf8+ Rg8 62. Qf6+ Rg7 63. Qe5 Qa3 64. Qb8+ Rg8 65. Qe5+
Rg7 66. Rf7 1-0

[Event "FIDE World Blitz 2014"]
[Site "Dubai UAE"]
[Date "2014.06.20"]
[Round "19.1"]
[White "Nepomniachtchi, Ian"]
[Black "Korobov, Anton"]
[Result "1/2-1/2"]
[WhiteTitle "GM"]
[BlackTitle "GM"]
[WhiteElo "2730"]
[BlackElo "2680"]
[WhiteFideId "4168119"]
[BlackFideId "14105730"]
[EventDate "2014.06.19"]

1. e4 c5 2. Nf3 d6 3. Bb5+ Nd7 4. d4 cxd4 5. Qxd4 a6 6. Bxd7+ Bxd7 7. c4 b5 8.
cxb5 axb5 9. Nc3 Nf6 10. Bg5 h6 11. Bxf6 gxf6 12. O-O e6 13. a4 bxa4 14. Nxa4
Rb8 15. b4 Be7 16. Nc3 Qb6 17. Qd2 O-O 18. Qxh6 Qxb4 19. Qe3 Rfc8 20. Ne2 Qc5
21. Qf4 Bb5 22. Rfc1 Bxe2 23. Rxc5 dxc5 24. Qg3+ Kf8 25. Qh4 Ke8 26. h3 Bxf3 27.
gxf3 c4 28. Ra7 Ra8 29. Qh8+ Bf8 30. Rxa8 Rxa8 31. Qxf6 Rc8 32. Qc3 Bd6 33. Kf1
Ke7 34. Ke2 Bf4 35. e5 Kf8 36. Qd4 Bh6 37. Qd7 Ra8 38. Qc6 Ra2+ 39. Kf1 Rc2 40.
Kg2 c3 41. f4 Rc1 42. Qc5+ Kg7 43. Qe3 Rc2 44. Kf3 Kg8 45. Ke4 Bf8 46. Kd3 Ra2
47. Qg3+ Bg7 48. h4 c2 49. Kd2 Kh8 50. Qb3 c1=Q+ 51. Kxc1 Rxf2 52. Qg3 Rf1+ 53.
Kd2 Bh6 54. Ke3 Kh7 55. Ke4 Rxf4+ 56. Qxf4 Bxf4 57. Kxf4 Kg6 58. Kg4 f5+ 1/2-1/2

[Event "FIDE World Blitz 2014"]
[Site "Dubai UAE"]
[Date "2014.06.20"]
[Round "19.4"]
[White "Anand, Viswanathan"]
[Black "Yudin, Sergei"]
[Result "1/2-1/2"]
[WhiteTitle "GM"]
[BlackTitle "GM"]
[WhiteElo "2785"]
[BlackElo "2546"]
[WhiteFideId "5000017"]
[BlackFideId "4159659"]
[EventDate "2014.06.19"]

1. e4 d6 2. d4 Nf6 3. Nc3 e5 4. Nge2 Be7 5. f3 O-O 6. Be3 exd4 7. Qxd4 Nc6 8.
Qd2 Ne5 9. Nf4 c6 10. Be2 b5 11. O-O Qc7 12. Kh1 a5 13. Bd3 Ba6 14. Nce2 Rfd8
15. Ng3 Bf8 16. a4 d5 17. axb5 dxe4 18. bxa6 exd3 19. Nxd3 Nxd3 20. cxd3 Rxa6
21. Rfc1 Nd5 22. Bc5 Bxc5 23. Rxc5 a4 24. Rc4 Rda8 25. Nf5 Qe5 26. Ng3 h6 27. d4
Qe3 28. Qxe3 Nxe3 29. Rc3 Nd5 30. Rc2 Ne3 31. Rc3 Nd5 32. Rc2 Ne3 33. Rc3 Nd5
34. Rc2 1/2-1/2

[Event "FIDE World Blitz 2014"]
[Site "Dubai UAE"]
[Date "2014.06.20"]
[Round "19.11"]
[White "Caruana, Fabiano"]
[Black "Svidler, Peter"]
[Result "1/2-1/2"]
[WhiteTitle "GM"]
[BlackTitle "GM"]
[WhiteElo "2791"]
[BlackElo "2753"]
[WhiteFideId "2020009"]
[BlackFideId "4102142"]
[EventDate "2014.06.19"]

1. Nf3 c5 2. g3 g6 3. Bg2 Bg7 4. O-O d5 5. c4 d4 6. e3 Nc6 7. exd4 cxd4 8. d3
Nf6 9. Re1 Nd7 10. Nbd2 O-O 11. Ne4 h6 12. a3 a5 13. Rb1 a4 14. Nh4 Kh7 15. f4
f5 16. Nf2 e5 17. Nf3 Re8 18. b4 axb3 19. Rxb3 exf4 20. Bxf4 Nc5 21. Rb5 b6 22.
Nd2 Bd7 23. Rxe8 Bxe8 24. Nb3 Rxa3 25. Nxc5 bxc5 26. Rxc5 Qa8 27. Rb5 Ra1 28.
Rb1 Rxb1 29. Qxb1 Qa5 30. h4 Ne5 31. Bd5 Nd7 32. Kg2 Nf6 33. Bf3 Nh5 34. Bd6 Qa6
35. Qb8 Bc6 36. Bd5 Bxd5+ 37. cxd5 Nf6 38. Be5 Nxd5 39. Bxg7 Ne3+ 40. Kh2 Kxg7
41. Qc7+ Kf6 42. Qd8+ Kf7 43. Qd7+ Kg8 44. Qxd4 Qe6 45. Qd8+ Kf7 46. Qc7+ Qe7
47. Qxe7+ Kxe7 48. Nh3 Kf6 49. Kg1 g5 50. hxg5+ hxg5 51. Kf2 Nd5 52. Ng1 Ke5 53.
Nf3+ Kf6 54. Ng1 Ke5 1/2-1/2

[Event "FIDE World Blitz 2014"]
[Site "Dubai UAE"]
[Date "2014.06.20"]
[Round "19.14"]
[White "Tomashevsky, Evgeny"]
[Black "Inarkiev, Ernesto"]
[Result "1-0"]
[WhiteTitle "GM"]
[BlackTitle "GM"]
[WhiteElo "2695"]
[BlackElo "2682"]
[WhiteFideId "4147235"]
[BlackFideId "4162722"]
[EventDate "2014.06.19"]

1. Nf3 c5 2. c4 Nc6 3. d4 cxd4 4. Nxd4 g6 5. e4 Bg7 6. Be3 Nf6 7. Nc3 O-O 8. Be2
b6 9. O-O Bb7 10. f3 d6 11. Qd2 Nd7 12. Nc2 Rc8 13. Rac1 Nc5 14. b3 f5 15. exf5
gxf5 16. f4 Kh8 17. Bf3 e5 18. Nb5 Rf6 19. Rcd1 Qf8 20. Nb4 e4 21. Be2 Nxb4 22.
Qxb4 a5 23. Qd2 Rd8 24. Bd4 Rh6 25. Qe3 Bc6 26. Nc3 Rd7 27. Rd2 Bxd4 28. Rxd4
Rg6 29. Rfd1 Qg7 30. Bf1 Qf6 31. Nd5 Bxd5 32. Rxd5 Kg8 33. a3 Rg4 34. b4 axb4
35. axb4 Na4 36. R5d4 Qh6 37. g3 Qf6 38. Qb3 Rdg7 39. Qxa4 Rxg3+ 40. hxg3 Rxg3+
41. Bg2 Qh4 42. Qe8+ Kg7 43. Qd7+ Kg8 44. Qe6+ Kg7 45. Qxf5 e3 46. Qd7+ Kg8 47.
Qe6+ Kg7 48. Rf1 Qh6 49. Qxh6+ Kxh6 50. Rxd6+ Kg7 51. Re6 1-0

[Event "FIDE World Blitz 2014"]
[Site "Dubai UAE"]
[Date "2014.06.20"]
[Round "19.15"]
[White "Lu, Shanglei"]
[Black "Iturrizaga Bonelli, Eduardo"]
[Result "0-1"]
[WhiteTitle "GM"]
[BlackTitle "GM"]
[WhiteElo "2546"]
[BlackElo "2653"]
[WhiteFideId "8603332"]
[BlackFideId "3901211"]
[EventDate "2014.06.19"]

1. e4 c5 2. Nf3 g6 3. d4 cxd4 4. Nxd4 Nc6 5. Nc3 Bg7 6. Be3 Nf6 7. Bc4 O-O 8.
Bb3 a5 9. a3 a4 10. Ba2 d6 11. h3 Bd7 12. O-O Nxd4 13. Bxd4 Bc6 14. Qd3 Qa5 15.
Rfe1 Nd7 16. Rad1 Bxd4 17. Qxd4 Rac8 18. Re2 Rfe8 19. f4 Qb6 20. Qxb6 Nxb6 21.
Rd4 Ra8 22. e5 dxe5 23. Rxe5 e6 24. Re2 Red8 25. Red2 Rxd4 26. Rxd4 Kf8 27. Kf2
Ke7 28. g3 h5 29. h4 Ra5 30. Bc4 e5 31. fxe5 Rxe5 32. Be2 Rf5+ 33. Ke3 Re5+ 34.
Kf2 Rc5 35. Rb4 Nd7 36. Bb5 Rf5+ 37. Ke2 Bxb5+ 38. Nxb5 Nc5 39. Nc3 Re5+ 40. Kf2
Rf5+ 41. Ke3 Re5+ 42. Kd4 Ke6 43. Rb5 b6 44. Rxb6+ Kf5 45. Rb5 Ne6+ 46. Kd3 Rxb5
47. Nxb5 Kg4 48. b3 Kxg3 49. bxa4 g5 50. Nd6 gxh4 51. Nf5+ Kg4 52. Ne3+ Kf4 53.
a5 h3 54. Nf1 Kf3 55. Kc4 Kg2 56. Ne3+ Kf2 57. a6 h2 58. Nd1+ Kg3 0-1

[Event "FIDE World Blitz 2014"]
[Site "Dubai UAE"]
[Date "2014.06.20"]
[Round "19.16"]
[White "Andriasian, Zaven"]
[Black "Riazantsev, Alexander"]
[Result "1-0"]
[WhiteTitle "GM"]
[BlackTitle "GM"]
[WhiteElo "2611"]
[BlackElo "2692"]
[WhiteFideId "13302000"]
[BlackFideId "4125029"]
[EventDate "2014.06.19"]

1. Nf3 d5 2. g3 c6 3. c4 dxc4 4. Bg2 Bf5 5. Na3 e5 6. Nxc4 e4 7. Nh4 Be6 8. Ne3
Nf6 9. O-O Na6 10. d3 exd3 11. exd3 Be7 12. Nhf5 O-O 13. d4 Nc7 14. Nxe7+ Qxe7
15. Re1 Qd7 16. b3 Rfe8 17. Bb2 Bh3 18. Bf3 h6 19. Qc2 Be6 20. Bg2 Rad8 21. Rad1
Ncd5 22. Nc4 Bf5 23. Qd2 Rxe1+ 24. Rxe1 Re8 25. Ne5 Qc8 26. f3 Nd7 27. g4 Be6
28. h3 Nxe5 29. dxe5 g5 30. Bc1 Nf4 31. Qc3 Nxg2 32. Kxg2 Bd5 33. Kg3 Qe6 34.
Bb2 f5 35. gxf5 Qxf5 36. e6 Qh7 37. Qf6 Rf8 38. e7 Re8 39. h4 Qd3 40. hxg5 1-0

[Event "FIDE World Blitz 2014"]
[Site "Dubai UAE"]
[Date "2014.06.20"]
[Round "19.19"]
[White "Sargissian, Gabriel"]
[Black "Laznicka, Viktor"]
[Result "1-0"]
[WhiteTitle "GM"]
[BlackTitle "GM"]
[WhiteElo "2686"]
[BlackElo "2679"]
[WhiteFideId "13300881"]
[BlackFideId "316385"]
[EventDate "2014.06.19"]

1. c4 c6 2. d4 d5 3. Nc3 Nf6 4. cxd5 cxd5 5. Bf4 Nc6 6. e3 a6 7. Bd3 Bg4 8. Nge2
e6 9. O-O Be7 10. Rc1 O-O 11. Na4 Nd7 12. a3 e5 13. dxe5 Ndxe5 14. h3 Bh5 15.
Bb1 Bf6 16. Qc2 Bg6 17. Qb3 Bxb1 18. Rxb1 b5 19. Nac3 d4 20. Rfd1 d3 21. Ng3 Ra7
22. Nge4 Nc4 23. Nxf6+ gxf6 24. Ne4 Rd7 25. Qc3 N4e5 26. Rbc1 Rd5 27. Qb3 Nc4
28. Rc3 d2 29. Rc2 Rd3 30. Qa2 f5 31. Ng3 Qd5 32. b3 N4a5 33. Rcxd2 Rxd2 34.
Rxd2 Qxb3 35. Qa1 Qe6 36. Rd6 Qc8 37. Nh5 f6 38. Nxf6+ Kf7 39. Nxh7 Ke7 40. Qg7+
Rf7 41. Qg5+ Ke8 42. Nf6+ Kf8 43. Qh6+ Ke7 44. Nd5+ Ke8 45. Re6+ Kd7 46. Nb6+ 1-0

[Event "FIDE World Blitz 2014"]
[Site "Dubai UAE"]
[Date "2014.06.20"]
[Round "19.20"]
[White "Savchenko, Boris"]
[Black "Van Wely, Loek"]
[Result "1-0"]
[WhiteTitle "GM"]
[BlackTitle "GM"]
[WhiteElo "2581"]
[BlackElo "2654"]
[WhiteFideId "4147332"]
[BlackFideId "1000268"]
[EventDate "2014.06.19"]

1. e4 c5 2. Nf3 e6 3. c3 Nf6 4. e5 Nd5 5. d4 cxd4 6. cxd4 d6 7. Bc4 Nb6 8. Bd3
dxe5 9. dxe5 Na6 10. O-O Nc5 11. Bb5+ Bd7 12. Qe2 Bxb5 13. Qxb5+ Qd7 14. Nc3 Be7
15. Be3 Qxb5 16. Nxb5 Nd5 17. Bxc5 Bxc5 18. Rfc1 b6 19. a3 a6 20. Nbd4 Kd7 21.
Rd1 Rac8 22. Nf5 g6 23. Ng3 Ke7 24. b4 Bxb4 25. axb4 Nxb4 26. Ne4 Rhd8 27. Nd6
Rc5 28. Kf1 a5 29. Ng5 Nc6 30. f4 h6 31. Ngxf7 Rf8 32. g3 g5 33. Rab1 gxf4 34.
gxf4 Nb4 35. Rdc1 Rxf7 36. Nxf7 Kxf7 37. Rxc5 bxc5 38. Ra1 Nd3 39. Ra4 Kg6 40.
Ke2 Nb4 41. Rxa5 Kf5 42. Rxc5 Ke4 43. Rc4+ Kd5 1-0

[Event "FIDE World Blitz 2014"]
[Site "Dubai UAE"]
[Date "2014.06.20"]
[Round "19.21"]
[White "Zhigalko, Sergei"]
[Black "Maletin, Pavel"]
[Result "1-0"]
[WhiteTitle "GM"]
[BlackTitle "GM"]
[WhiteElo "2678"]
[BlackElo "2588"]
[WhiteFideId "13502956"]
[BlackFideId "4146786"]
[EventDate "2014.06.19"]

1. e4 g6 2. d4 Bg7 3. Nc3 d6 4. Bg5 a6 5. a4 Nd7 6. Bc4 c5 7. Nge2 h6 8. Be3
cxd4 9. Nxd4 Ngf6 10. O-O O-O 11. f3 Qc7 12. Ba2 Ne5 13. Qe2 e6 14. Rfd1 Re8 15.
a5 Bd7 16. Qd2 Kh7 17. Nde2 Bf8 18. Bb6 Qc8 19. Qd4 Bc6 20. Qf2 Be7 21. Be3 Bf8
22. Kh1 Qc7 23. Bb6 Qc8 24. Bb3 Ned7 25. Bd4 Be7 26. Na4 Qc7 27. Nb6 Rad8 28.
Nxd7 Rxd7 29. Bb6 Qc8 30. Rd2 Bf8 31. Rad1 Qb8 32. Nd4 Qc8 33. Qe2 d5 34. e5 Ng8
35. f4 Ne7 36. c3 Bg7 37. Bc2 Nf5 38. g4 Nxd4 39. Bxd4 Qd8 40. Qf2 Qxa5 41. h4
Kh8 42. h5 gxh5 43. gxh5 Qd8 44. Rg1 Rg8 45. Qg3 Qf8 46. Rdg2 Bb5 47. f5 exf5
48. Bxf5 Re7 49. Qf4 Bd7 50. e6 Bxd4 51. Rxg8+ 1-0